000 00441nam a2200157Ia 4500
008 210210b2000 xxu||||| |||| 00| 0 eng d
020 _a81 211 0209 X
082 _a576 MAHM
100 _aMAHESHWARI (D K) and others. Ed.
245 _aMicrobes: agriculture, industry and environment.
260 _aDehra Dun
_bBishen Singh Mahendra Pal Singh
_c2000
300 _a269
650 _aMicrobes
690 _aMicrobiology
906 _a060646
999 _c107772
_d107772